000 00280nam a22001337a 4500
008 171014b xxu||||| |||| 00| 0 eng d
020 _a639785314295
041 _aeng
080 _a331
100 _a52
101 _aPUN
245 _aCOACHING
_cFOURNIES, F.F
942 _2udc
_cBK
999 _c33927
_d33927